Movies Quiz

Random Movies or Actor Quiz

The Evolution of Liam Neeson Quiz Stats

 Plays Quiz not verified by Sporcle

Score 0/10 Timer 02:00
0 Plays Today
% Correct
Star Wars: Episode I - The Phantom Menace
Qui-Gon Jinn
94.6%
Taken
Bryan Mills
91.5%
Schindler's List
Oskar Schindler
90.3%
The LEGO Movie
Bad Cop
Good Cop
Pa Cop
83.3%
Rob Roy
Rob Roy MacGregor
58.9%
The Grey
John Ottway
55.8%
Batman Begins
Henri Ducard
Ra's al Ghul
52.8%
Darkman
Peyton Westlake
Darkman
51.4%
The A-Team
John 'Hannibal' Smith
50.9%
Clash of the Titans
Zeus
50%

You're not logged in!

Compare scores with friends on all Sporcle quizzes.
OR
Log In

Show Comments

Extras

Top Quizzes Today


Score Distribution

Your Account Isn't Verified!

In order to create a playlist on Sporcle, you need to verify the email address you used during registration. Go to your Sporcle Settings to finish the process.

Report this User

Report this user for behavior that violates our Community Guidelines.

Details: